000 00533nam a2200217Ia 4500
003 OSt
005 20220918191805.0
006 a|||||r|||| 00| 0
007 ta
008 220917b |||||||| |||| 00| 0 eng d
024 _a65,068
037 _cTextual
040 _aARTS
_cARTS
_beng
041 _2eng
_aeng
082 _aR1xM82, H6
100 _aMaritain J
_910602
245 0 _aFromal logic tr by lmelda Choquette
260 _c1946
942 _hR1xM82, H6
_cTEXL
_2CC
999 _c191405
_d191405